Southville International School and Colleges
Your cart is empty.
  • Cart
  • Lists
    Public lists list_1 View all
    Your lists Log in to create your own lists
  • Log in to your account
  • Your cookies
  • Search history
Southville International School and Colleges
  • Advanced search
  • Recent comments
  • Most popular
  • Libraries

Log in to your account

Log in with GOOGLE


If you do not have an external account, but do have a local account, you can still log in:

  1. Home
  2. MARC view: Sésame 1 :
Normal view MARC view ISBD view

Sésame 1 : (Record no. 366502)

[ view plain ]
MARC details
000 -LEADER
fixed length control field 00862nam a22002297a 4500
003 - CONTROL NUMBER IDENTIFIER
control field 0
005 - DATE AND TIME OF LATEST TRANSACTION
control field 20241011085850.0
008 - FIXED-LENGTH DATA ELEMENTS--GENERAL INFORMATION
fixed length control field 241011b xxu||||| |||| 00| 0 eng d
020 ## - INTERNATIONAL STANDARD BOOK NUMBER
International Standard Book Number 9782017112761
050 ## - LIBRARY OF CONGRESS CALL NUMBER
Classification number PC 2119
Item number .D396 2021
100 ## - MAIN ENTRY--PERSONAL NAME
Personal name Denisot, Hugues,
Relator term author.
245 ## - TITLE STATEMENT
Title Sésame 1 :
Remainder of title méthode de français A1.1 /
Statement of responsibility, etc Hugues Denisot, Marianne Capouet.
260 ## - PUBLICATION, DISTRIBUTION, ETC. (IMPRINT)
Place of publication, distribution, etc Vanves :
Name of publisher, distributor, etc Hachette Livre,
Date of publication, distribution, etc 2021.
300 ## - PHYSICAL DESCRIPTION
Extent 79 p. :
Other physical details col. ill. ;
Dimensions 29 cm.
500 ## - GENERAL NOTE
General note Preparation a L'examen du Delf Prim.
650 ## - SUBJECT ADDED ENTRY--TOPICAL TERM
Topical term or geographic name as entry element Handbooks and manuals.
650 ## - SUBJECT ADDED ENTRY--TOPICAL TERM
Topical term or geographic name as entry element French language Study and teaching Foreign speakers
Form subdivision Handbooks, manuals, etc.
650 ## - SUBJECT ADDED ENTRY--TOPICAL TERM
Topical term or geographic name as entry element French language Study and teaching Foreign speakers.
650 ## - SUBJECT ADDED ENTRY--TOPICAL TERM
Topical term or geographic name as entry element Français (Langue) Étude et enseignement Allophones Guides, manuels, etc.
700 ## - ADDED ENTRY--PERSONAL NAME
Personal name Capouet, Marianne,
Relator term author.
942 ## - ADDED ENTRY ELEMENTS (KOHA)
Source of classification or shelving scheme Library of Congress Classification
Koha item type Books
Holdings
Withdrawn status Lost status Source of classification or shelving scheme Damaged status Home library Current library Shelving location Date acquired Source of acquisition Total Checkouts Full call number Barcode Date last seen Price effective from Koha item type
    Library of Congress Classification   Luxembourg Library Luxembourg Library Teachers Reference Section 10/11/2024 Library Fund   PC 2119 .D396 2021 21289 10/11/2024 10/11/2024 Books

Sésame 1 :

APA

Denisot H., Capouet M., . (2021). Sésame 1. Vanves: Hachette Livre.

Chicago

Denisot Hugues, Capouet Marianne, . 2021. Sésame 1. Vanves: Hachette Livre.

Harvard

Denisot H., Capouet M., . (2021). Sésame 1. Vanves: Hachette Livre.

MLA

Denisot Hugues, Capouet Marianne, . Sésame 1. Vanves: Hachette Livre. 2021.

  • Place hold
  • Print
  • Cite
  • Add to your cart (remove)
  • Save record
    BIBTEX Dublin Core MARCXML MARC (non-Unicode/MARC-8) MARC (Unicode/UTF-8) MARC (Unicode/UTF-8, Standard) MODS (XML) RIS
  • More searches
    Search for this title in:
    Other Libraries (WorldCat) Other Databases (Google Scholar) Online Stores (Bookfinder.com) Open Library (openlibrary.org)

Exporting to Dublin Core...

SOUTHVILLE LIBRARY

Southville International School and Colleges Library

1281 Tropical Ave. Cor. Luxembourg St., BF Homes International, Las Pinas City

Tel. No. 8256374 / 252358 Loc. 117/146

Powered by Koha